000 01498nam a2200481 i 4500
001 38652
003 KOSZ 005
005 20221122140554.0
008 001207s2000 pl |001 0 pol
015 _aUWD 2000/23239
020 _a8372790701
035 _a991015301359705066
035 _a(PL-WaBN)b14109360-48omnis_nlop
035 _ab14109360
035 _a(OCoLC)749377255
035 _azz2003908140
035 _a(PL)b0000001410936
035 _a(EXLNZ-48OMNIS_NETWORK)9910141129505606
040 _aWA N
_cWA N
_dKOSZ 005/HR
041 1 _apol
_heng
046 _k2000
080 _a004.652
080 _a(07)
100 1 _aDuBois, Paul
_d(1956- )
_eAutor
245 1 0 _aMySQL /
_cPaul DuBois ; przekł. z jęz. ang. Jan Kubacki [et al.].
260 _aWarszawa :
_b"Mikom",
_c2000.
300 _a719 s. ;
_c24 cm.
336 _aTekst
_btxt
_2rdacontent
337 _aBez urządzenia pośredniczącego
_bn
_2rdamedia
338 _aWolumin
_bnc
_2rdacarrier
380 _aKsiążki
388 _a1901-2000
388 _a1989-2000
504 _aIndeks.
650 7 _aMySQL (program komputerowy)
_2DBN
655 7 _aPodręcznik
_2DBN
658 _aInformatyka i technologie informacyjne
700 1 _aKubacki, Jan
_eTłumaczenie
710 2 _aWydawnictwo Mikom
_4pbl
856 _uhttp://koha.tu.koszalin.pl/cgi-bin/koha/opac-detail.pl?biblionumber=38652
_yKatalog online BPK
942 _2UKD
_cKS
999 _c38652
_d38652